[Event "World Cup"]
[Site "Khanty-Mansiysk"]
[Date "2009.11.27"]
[Round "3.1"]
[White "Sakaev, Konstantin"]
[Black "Vitiugov, Nikita"]
[Result "0-1"]
[WhiteElo "2626"]
[BlackElo "2694"]
[Annotator "Vitiugov,N"]
[PlyCount "54"]
[EventDate "2009.11.21"]
[EventType "k.o."]
[EventRounds "7"]
[EventCountry "RUS"]
[SourceTitle "CBM 134"]
[Source "ChessBase"]
[SourceDate "2010.01.18"]
[SourceVersion "1"]
[SourceVersionDate "2010.01.18"]
[SourceQuality "1"]

{It was my second World Cup. In 2007 I lost against Sakaev in the first round
in the "sudden death" game. After two years, I had a good chance to take my
revenge.} 1. d4 d5 2. c4 c6 3. Nf3 Nf6 4. Nc3 dxc4 5. a4 e6 {I was playing
this variation for the first time, so I hoped, my opponent would be surprised
by that fact.} 6. e3 ({The sharper way is} 6. e4 Bb4 7. Bg5 Bxc3+ 8. bxc3 Qa5
9. e5 Ne4 10. Rc1 Nd7 11. Nd2 $5 Nxd2 12. Bxd2 Nb6 13. Qg4 Bd7 14. Qxg7 O-O-O
15. Qxf7 Rdf8 16. Qe7 Qd5 17. f3 Nxa4 18. Be2 c5 19. Be3 Bc6 $13 {1/2
Wojtaszek,R (2640)-Eljanov,P (2717)/Bremen GER 2009/The Week in Chess 784 (48)}
) 6... c5 7. Bxc4 Nc6 8. O-O cxd4 9. exd4 Be7 10. Bg5 O-O 11. Re1 Bd7 12. Qd2
Nb4 13. Ne5 Bc6 {I was satisfied with this position in my preparation.} 14.
Nxf7 {Quite principled, but White gets nothing.} Rxf7 15. Bxe6 Qf8 $1 {An
important move, which Evgeniy Najer had recommended to me.} ({In his game he
played the weaker} 15... Nbd5 16. Re5 Nc7 17. Bxf7+ Kxf7 18. d5 Ncxd5 19. Nxd5
Nxd5 20. Rd1 Nf6 21. Qc2 Qg8 22. b4 h6 23. b5 hxg5 24. bxc6 bxc6 25. Rde1 Re8
26. Qxc6 $36 {1-0 Sargissian,G (2642)-Najer,E (2682)/Kallithea 2008/CBM 127/
[Rogozenco] (36)}) 16. Re5 (16. d5 $6 Rd8 (16... Nbxd5 $5 17. Nxd5 Bxd5 18.
Bxd5 Nxd5 19. Qxd5 Bxg5 20. Qxg5 Rxf2 $11) 17. Re5 Nbxd5 18. Nxd5 Nxd5 19. Bxd5
Kh8 {etc.}) 16... Kh8 17. d5 (17. Bxf7 {was objectively better, but White had
not sacrificed the piece in order to get such a position.} Qxf7 18. Rae1 Bf8
$15) 17... Nfxd5 $5 ({The alternative is} 17... Bd6 {, but I thought, White
had good compensation after} 18. Rf5 $5) 18. Nxd5 Nxd5 19. Bxf7 (19. Rxd5 Bb4
$1 20. Qd3 Rxf2 $19) ({The only way for equality was the very dangerous} 19.
Bxd5 Rd8 20. Qa5 Bxg5 21. Bxc6 (21. Bxf7 Bd2 22. Qc7 Bf4 23. Bh5 Qf6 24. Rae1
Rf8 {And it's hard to believe, that White can hold this position.}) 21... Bf6
22. Bd5 b6 23. Qe1 Bxe5 24. Bxf7 Bxb2 25. Rb1 Qxf7 26. Rxb2 Qf4 $15) 19... Bxg5
(19... Qxf7 $2 20. Rxd5 Bxd5 21. Bxe7 Bxg2 22. Kxg2 Qxe7 $11) 20. Qxg5 Qxf7 $17
21. f3 {Konstantin offered a draw here. But for sure, I wanted to play on.} h6
22. Qg4 Rd8 23. Rd1 Rd6 {It's difficult to play such an unpleasant position,
especially in time trouble. I think, only Rybka can holdWhite's position in
such conditions.} 24. Rf5 Qe7 25. Qd4 Re6 26. h3 $2 ({But who can find the
only move} 26. Rd2 {?}) 26... Ne3 $19 27. Qd8+ Kh7 {A quick, but very
important victory due to which I won this match.} 0-1

[Event "Moscow Aeroflot op-A 15th"]
[Site "Moscow"]
[Date "2016.03.04"]
[Round "4"]
[White "Wei, Yi"]
[Black "Wagner, Dennis"]
[Result "1/2-1/2"]
[WhiteElo "2714"]
[BlackElo "2583"]
[Annotator "Wagner,D"]
[PlyCount "63"]
[EventDate "2016.03.01"]
[EventType "swiss"]
[EventRounds "9"]
[EventCountry "RUS"]
[SourceTitle "CBM 172"]
[Source "ChessBase"]
[SourceDate "2016.05.12"]
[SourceVersion "1"]
[SourceVersionDate "2016.05.12"]
[SourceQuality "1"]

{After my draw against Bu Xiangzhi in round 2 I faced another strong Chinese
player in Round 4. I was looking forward to crossing swords with one of the
most succesful prodigies in the world. After preparing the whole day against
his 1. e4 I was confronted with a surprise as early as move one!} 1. d4 $5 d5
$1 {It was clear that Wei Yi's preparation was aimed against my Grünfeld
Defence in which he is also an expert, but why make it so easy for the
opponent? After a few minutes of thought I went for the Slav Defence.} 2. c4 c6
3. Nf3 Nf6 4. Nc3 dxc4 5. a4 e6 $5 {This line is quite solid and I guess it
will gain more popularity after Peter Svidler's successful opening duels at
the Candidates....} 6. e3 (6. e4 {is the sharper alternative.}) 6... c5 7. Bxc4
Nc6 8. O-O Be7 (8... cxd4 $1 {is the move order used by Svidler.} 9. exd4 (9.
Nxd4 Bd7 $1 10. Nf3 a6 11. e4 Qc7 12. h3 Bd6 13. Qe2 O-O 14. Bd3 Ne5 15. Nxe5
Bxe5 16. f4 Bd4+ 17. Be3 Bxe3+ 18. Qxe3 e5 19. Rac1 exf4 20. Qxf4 Qxf4 21. Rxf4
Be6 22. Kf2 Rac8 23. Ke3 Nd7 24. Rff1 Rfe8 25. Be2 Nb6 26. Rcd1 Nc4+ 27. Bxc4
Rxc4 28. Rf2 Kf8 29. Rd4 Rxd4 30. Kxd4 Rc8 {1/2-1/2 (30) Karjakin,S (2760)
-Svidler,P (2757) Moscow RUS 2016}) 9... Be7 10. Qe2 O-O 11. Rd1 {will
transpose.}) 9. Qe2 (9. dxc5 {against my move order White can also play} Qxd1
10. Rxd1 Bxc5 {though in this ending he probably has nothing particular.}) 9...
cxd4 10. exd4 (10. Rd1 $5 {is a serious alternative though, made possible by
my move order.} O-O 11. Nxd4 Qc7 12. Nxc6 bxc6 13. e4 {White could claim a
very slight edge here.}) 10... O-O 11. Rd1 Nb4 12. Bg5 {Neither of us could
remember all the details of the line, but nevertheless we followed the most
critical path.} h6 (12... Bd7 13. d5 $1 $14) 13. Bxf6 Bxf6 14. Ne4 b6 15. Ne5
Be7 $5 {Surpringly this logical retreat is already a novelty. I have to admit
that White's initiative on the kingside looks threatening, but with precise
play Black should be able to neutralise it.} (15... Bb7 {was played in some
games, but runs into a strong counter.} 16. Nxf6+ Qxf6 17. Nd7 Qg6 18. d5 $1
$14) (15... Bh4 $5 {was discussed in the Candidates a few days later.} 16. g3
Be7 17. Nc3 Bf6 18. d5 Qc7 19. d6 Qc5 20. Ng4 Bxc3 21. bxc3 Nc6 22. Rab1 a6 23.
d7 Bb7 24. Bd3 Rfd8 25. Qe4 Kf8 26. Qh7 h5 27. Ne3 Ne5 28. Be4 Bxe4 29. Qxe4
Ra7 30. Nd5 Ng4 31. Ne3 Nf6 32. Qb4 Qxb4 33. Rxb4 Nxd7 34. Rxb6 Nxb6 35. Rxd8+
Ke7 36. Rd4 a5 37. Nc4 Nd5 38. Rd3 Rc7 39. Nxa5 Nxc3 40. Kg2 Nxa4 41. Ra3 Nc3
42. Nb3 g5 43. Nd2 f5 44. h3 Kf6 45. g4 Nd5 46. gxf5 Kxf5 47. Nf1 Nf4+ 48. Kg3
Rc1 49. Ne3+ Kg6 50. Kh2 Rb1 51. Ng2 Rb2 52. Nxf4+ gxf4 53. Kg1 e5 54. Ra5 Re2
55. h4 f3 56. Kh2 Rxf2+ 57. Kg3 Re2 58. Kxf3 Re1 59. Ra8 Rh1 60. Ke4 Rxh4+ 61.
Kxe5 Rb4 62. Rg8+ Kh7 63. Rg1 Kh6 64. Kf5 {1/2-1/2 (64) Nakamura,H (2790)
-Svidler,P (2757) Moscow RUS 2016}) 16. Ra3 Bb7 {Here my opponent spent about
40 minutes, trying to figure out the right way to carry out the attack.} 17.
Qg4 (17. Rg3 {was the main alternative, where I intended to go for} Bh4 $1 18.
Rh3 (18. Rg4 Nd5 $11) 18... Nd5 19. Qg4 Bg5 $1 $11) 17... Nd5 $1 {I took some
time in order to calculate all the important lines, but came to the conclusion
that this cool defensive moves keeps everything under control. The white
bishop is blocked and furthermore the knight also adds defensive resources to
the kingside.} 18. Rg3 Bg5 {Thia important idea is the point of Black's
strategy.} 19. Bxd5 {After hesitating for a moment, my ambitious opponent goes
for the most ambitious sequence of moves.} ({It was also possible to play more
safely with} 19. Nxg5 Qxg5 20. Qf3 (20. Qe4 Qf4 $1 21. Bxd5 $6 Qxe4 22. Bxe4
Bxe4 23. Nd7 Bc2 $1 $17 {is good for Black.}) 20... Qf5 $1 21. Qxf5 exf5 22.
Rf3 g6 $11 {with an equal ending.}) 19... Bxd5 20. Nxg5 Qxg5 21. Qh3 Qf4 22.
Rg4 Qf5 23. Qg3 {After a forced sequence of moves White has managed to
coordinate an attack against the pawn on g7...} g5 $1 {This one is the only
good move, trapping the rook, which provokes futher complications, but White
is the one trying to survive now.} (23... g6 $2 24. h4 $1 {gives White a huge
initiative.} Rac8 25. Re1 Kg7 26. Qe3 $16) 24. h4 f6 (24... Qc2 $2 25. Rf1 $1)
25. hxg5 (25. Nd3 $5 {is less aggressive, but possible as well.} Rad8 (25...
Rac8 26. hxg5 fxg5 $1 (26... hxg5 27. f4 Rc2 28. Ne1 $1 $16) 27. Rf4 Qg6 28.
Rxf8+ Rxf8 $11) (25... Rf7 $5 26. hxg5 Rg7 $1 {an amazing resource.} (26...
hxg5 27. f4) 27. f4 (27. Rf4 Qxg5 28. Qxg5 Rxg5 29. g3 Rh5 30. f3 Rf8 $11)
27... Rc8) 26. hxg5 (26. Re1 Rc8 $1 27. hxg5 hxg5 28. f4 Rc2 $15) 26... hxg5
27. f4 Bb3 $1 28. Re1 Rxd4 29. Nf2 $1 Qd5 30. fxg5 Rxg4 31. Nxg4 fxg5 32. Re5
Qd1+ 33. Kh2 Kf7 $3 {the only move.} 34. Nf2 Rh8+ 35. Nh3 g4 36. Re3 Bxa4 37.
Qf4+ Ke7 38. Qg5+ Kf7 $11) 25... fxe5 (25... hxg5 26. f4 $1) 26. gxh6+ Kh8 27.
dxe5 $2 (27. h7 $1 {was the move I was more afraid of, since the annoying pawn
on h7 can never be taken and pins my rooks to the 8th rank because of the
potential Rg8+ threat.} Rac8 28. Re1 $1 {White should just resist taking the
pawn on e5, as his own pawn seriously hinders his initiative.} (28. dxe5 $2 Qh5
$17) 28... e4 (28... Qh5 29. Rh4 Qf5 30. Rg4 $11) 29. Rg5 Qf6 30. Rg6 Qf5 31.
Rg5 $11) 27... Rac8 (27... Rf7 $1 {might be even stronger, introducing the
plan mentioned below with ...Raf8 and ...Qc2-c7 against Rg7.} 28. Rg7 Qc2 29.
Rf1 Raf8 $19) 28. Rg7 (28. h7 Qh5 $17) 28... Qc2 $5 {This seems like a good
practical move, trying to deflect the d1-rook, which could otherwise have
joined the battle via d4, but objectively it's not the best, because it allows
a strong combination, leading to a forced draw.} 29. Re1 (29. Rd4 $2 Qxf2+ $1 {
was the whole point.} (29... Qc1+ $5 $19)) (29. Kh2 $3 Rxf2 30. Rxd5 $1 exd5
31. h7 $1 {[%cal Gg7g8]} Rxg2+ $8 32. Qxg2 Qxg2+ 33. Rxg2 Kxh7 $11 {a funny
line...}) (29. Rd2 $2 Qb1+ 30. Kh2 Rc1 $19) 29... Rg8 $2 {This logical move
throws away the win!} (29... Rc7 $1 {was much stronger, with the strong idea
of ...Rcf7 followed by ...Qc7! which I had missed. Now Black would most
probably win the game.} 30. f3 Rcf7 31. Qg5 Qc7 32. Rc1 Rxg7 33. hxg7+ Qxg7 34.
Qh5+ Qh7 35. Qg5 {There still remains a difficult technical job, but Black
should win.} a6 36. Kf2 b5 37. a5 b4 38. Rc5 Rb8 $19) 30. Qg5 $1 {Now the
queen is transferred to the stronger square e7, from where new ideas like Rh7+
followed by Qf6+ are introduced.} Rcf8 (30... Qf5 31. Qe7 Rge8 (31... Rce8 32.
Rh7+ Qxh7 33. Qf6+ Rg7 34. Re3 Kg8 35. hxg7 Qf5 36. Rh3 Qxf6 37. exf6 $14) 32.
Qd7 a5 33. f3 $11 {It's impossible for Black to chase away the attacking white
pieces.}) 31. Rxg8+ $1 (31. f3 Qc7 $1 {would be bad for White.}) 31... Rxg8 32.
Qf6+ {I really like this game, since the both of us played very principled
chess starting from the opening and the draw is a good result, though I
definitely had chances for more...} 1/2-1/2